Trendy vývoja dôchodkových systémov krajín V4 z hľadiska finančných záruk a stability diplomová práca

Na minha lista:
Detalhes bibliográficos
Autor principal: Reháková, Naďa
Autor Corporativo: Fakulta hospodárskej informatiky EU. Katedra matematiky a aktuárstva
Outros Autores: Simonka, Zsolt, 1974-
Formato: Livro
Idioma:eslovaco
Publicado em: Bratislava 2018
Tags: Adicionar Tag
Sem tags, seja o primeiro a adicionar uma tag!

MARC

LEADER 00000nbm a2200000 4500
001 0243527
005 20180925081129.9
041 0 |a slo 
044 |a SK 
245 1 0 |a Trendy vývoja dôchodkových systémov krajín V4 z hľadiska finančných záruk a stability  |b diplomová práca  |c Naďa Reháková ; školiteľ: Zsolt Simonka 
264 1 |a Bratislava  |c 2018 
300 |a 85 s. 
100 1 |a Reháková, Naďa 
700 1 |a Simonka, Zsolt, 1974- 
710 2 |a Fakulta hospodárskej informatiky EU. Katedra matematiky a aktuárstva